1605 1191 1704 1318 1457 1804 1157 1575 1689 1767 1243 1752 1112 1254 1728 1198 1497 1320 1605 1730 1532 1923 1476 1053 1044 1541 1064 1331 1917 1892 1971 1977 1479 1668 1935 1145 1932 1155 1567 1573 1028 1901 1406 1269 1817 1968 1250 1254 1240 1814 1320 1640 1027 1660 1004 1206 1346 1125 1338 1075 1555 1942 1986 1535 1117 1400 1307 1690 1836 1930 1581 1873 1243 1679 1392 1737 1797 1753 1874 1008 1636 1429 1449 1278 1467 1125 1345 1976 1996 1170 1409 1336 1585 1988 1377 1449 1404 1957 1997 BCNSPRNW ULIB Ver.6.0+V

เปลี่ยนเป็นภาษาไทย

Change to English
 แสดงรายละเอียดบรรณานุกรม
  กลับหน้าหลัก

Brief Record : Get Marc (ISO 2709) : E-mail record : QR code < ปิดหน้าต่าง
LEADER : 00000nam 2200000uu 4500
001    13399128815
003     ULIB
008    241008s2564||||th 000 0 tha d
020 ^- ^a9786164435902
060 ^- ^aWB105^bห633
111 ^- ^aกานต์ สุทธาพานิช
245 ^- ^aหัตถการกู้ชีพในภาวะฉุกเฉิน : Resuscitative procedure of emergency care
260 ^- ^aกรุงเทพฯ:^bภาควิชาเวชศาสตร์ฉุกเฉิน คณะแพทยศาสตร์โรงพยาบาลรามาธิบดี มหาวิทยาลัยมหิดล,^c2564
300 ^- ^a484 หน้าส่วนใหญ่เป็นภาพสีประกอบ
505 ^- ^aการจัดการทางเดินหายใจ -- การเปิดทางเดินหายใจด้วยการจัดท่า -- การประเมินทางเดินหายใจเพื่อจัดการทางเดินหายใจ -- การสอดใส่หลอดคาในท่อลม -- อุปกรณ์ช่วยพยุงหายใจนอกกล่องเสียง -- การผ่าตัดเปิดทางเดินหายใจฉุกเฉินโดยการเจาะเยื่อไครโคไทรอยด์ -- ภาวะที่มีลมในช่องเยื่อหุ้มปอด และการใช้เข็มเจาะระบายลม -- บทที่ 8 การใส่สายระบายทรวงอก -- เครื่องช่วยหายใจแรงดันบวกชนิดไม่รุกล้ำ -- เครื่องช่วยหายใจชนิดอัตราไหลสูง -- พื้นฐานของเครื่องช่วยหายใจ -- ปัญหาเกี่ยวกับการใช้เครื่องช่วยหายใจที่พบบ่อยในห้องฉุกเฉิน -- การแปลผลของกราฟแสดงความเข้มข้นของ CO2 ในลมหายใจ.
650 ^- ^aการรักษาในภาวะฉุกเฉิน
650 ^- ^aภาวะฉุกเฉิน
650 ^- ^aการช่วยให้ฟื้น^xวิธีการ
711 ^- ^aประภาพร ศุภธนกิจ
711 ^- ^aไชยพร ยุกเซ็น
945    ^p650^l0^i010969
945    ^p650^l0^i010970
945    ^p650^l0^i010971
999    ^aประนอม เกษจรัล
รายการนี้ยังไม่มีแท็ก
คุณยังไม่ได้ล็อกอิน คุณสามารถมีกิจกรรมร่วมกับเว็บไซต์ได้ แต่ต้องล็อกอินก่อน ::
  ล็อกอิน

รายการสื่อสารสนเทศ

ลำดับที่ ประเภท เลขเรียก/บาร์โค้ด สถานที่ สถานะ
1. วิทยาศาสตร์การแพทย์ และสุขภาพ
หนังสือสำรอง
สถานะ=หนังสือสำรอง
WB105 ห633 ฉ.1 
  Barcode: 010969
ห้องสมุดวิทยาเขตสวรรค์ประชารักษ์
►หนังสือทั่วไป
บนชั้น
2. วิทยาศาสตร์การแพทย์ และสุขภาพ
วิทยาศาสตร์การแพทย์ และสุขภาพ
WB105 ห633 ฉ.2 
  Barcode: 010970
ห้องสมุดวิทยาเขตสวรรค์ประชารักษ์
►หนังสือทั่วไป
ถูกยืม กำหนดส่งวันที่ 30 มิถุนายน 2568
  จอง
3. วิทยาศาสตร์การแพทย์ และสุขภาพ
วิทยาศาสตร์การแพทย์ และสุขภาพ
WB105 ห633 ฉ.3 
  Barcode: 010971
ห้องสมุดวิทยาเขตสวรรค์ประชารักษ์
►หนังสือทั่วไป
บนชั้น

รายการใกล้เคียง
    หัวเรื่อง [ภาวะฉุกเฉิน]

BibComment


ยังไม่เคยถูกคอมเมนท์

คอมเมนท์ทรัพยากรรายการนี้
  คอมเมนท์: หัตถการกู้ชีพในภ..


 Copyright 2026. Bcnsprnw @Library